Книга нашого буття на чужині. Бережемо все своє рідне! (Запис № 316759)

МАРК-запис
000 -Лідер
fixed length control field 00855nam a22002417a 4500
003 - Ідентифікатор контрольного номера
control field UA-OsUOA
001 - Контрольний номер
control field 30348
007 - Фіксоване поле фізичного опису
fixed length control field ta
008 - Елементи даних фіксованої довжини – загальна інформація
fixed length control field 20041109b un ||||| |||| 00| 0 ukr d
090 ## - Локальний шифр розміщення
Класифікаційний індекс УДК 281.9(477)
Авторський знак (НП) І-43
040 ## - Джерело каталогізації
Агенція оригінальної каталогізації UA-OsUOA
Мова каталогізації ukr
Агенція, яка здійснювала перезапис UA-OsUOA
Агенція, яка здійснювала модифікацію UA-OsUOA
041 ## - Код мови
Код мови тексту/ звукової доріжки чи окремого заголовка (П) ukr
080 ## - Індекс Універсальної десяткової класифікації
Індекс Універсальної десяткової класифікації (УДК) (НП) 281.9(477)
044 ## - Код країни видавця/ виробника
Код країни видавця/ виробника (П) CA
100 ## - Основне введення – ім’я особи
Ім’я особи (НП) Ілларіон Митрополит
245 ## - Відомості про назву
Назва (НП) Книга нашого буття на чужині. Бережемо все своє рідне!
Решта назви (НП) Ідеологічно-історичні нариси
Дані про відповідальність (НП) Ілларіон
260 ## - Публікація, розповсюдження і т.п. (Вихідні дані)
Місце публікації, розповсюдження і т.п. (П) Вінніпег
Ім’я/ наймення видавництва, розповсюджувача і т.п. (П) Українське наукове Богословське Товариство
Дата публікації, розповсюдження і т.п. (П) 1956
300 ## - Фізичний опис
Обсяг 167 с.
650 #7 - Додаткове предметне введення – тематичний термін
Тематичний термін чи географічна назва, як елемент введення (НП) 281.9 Східна православна церква і скопці
Джерело заголовка чи терміна UDC
942 ## - Додаткові елементи входу (Коха)
Тип елемента Koha Книги
955 ## - Код типу видання за змістом
Код типу видання за змістом (НП) Навчальні видання
Фонди
Стан вилучень Стан втрат Джерело класифікації або схеми стелажів Стан уражень Не для кредиту Код колекції Постійне місце розташування Поточне розміщення Дата придбання Джерело придбання Вартість, звичайна ціна покупки Інвентарний номер Усього замовленно Повний номер виклику Штрих-код Дата останнього перегляду Ціна ефективна від Тип елемента Koha
    Universal Decimal Classification     Колекція бібліотеки інституту Св. Івана АБ - Абонемент НБ АБ - Абонемент НБ 07/06/2012 48/2012 3.00 138943   281.9(477) І-43 138943 11/02/2022 09/11/2004 Книги
    Universal Decimal Classification     Колекція бібліотеки інституту Св. Івана АБ - Абонемент НБ АБ - Абонемент НБ 11/06/2012 48/2012 2.00 139127   281.9(477) І-43 139127 11/02/2022 09/11/2004 Книги
    Universal Decimal Classification       АБ - Абонемент НБ АБ - Абонемент НБ 11/07/2006     52060   281.9(477) І-43 52060 08/06/2022 09/11/2004 Книги
    Universal Decimal Classification       ЧЗ - Читальна зала ЧЗ - Читальна зала 09/11/2004   1.00 91511   281.9(477) І-43 91511 29/09/2021 09/11/2004 Книги
    Universal Decimal Classification     Колекція Українського історичного товариства ЧЗ - Читальна зала ЧЗ - Читальна зала 16/11/2004   1.00 91512   281.9(477) І-43 91512 06/02/2022 09/11/2004 Книги
Withdrawn   Universal Decimal Classification     Колекція Українського історичного товариства ЧЗ - Читальна зала ЧЗ - Читальна зала 16/11/2004   1.00 91513   281.9(477) І-43 91513 13/07/2019 09/11/2004 Книги
    Universal Decimal Classification     Колекція Українського історичного товариства ЧЗ - Читальна зала ЧЗ - Читальна зала 16/11/2004   4.00 91514   281.9(477) І-43 91514 06/02/2022 09/11/2004 Книги
    Universal Decimal Classification       ЧЗ - Читальна зала ЧЗ - Читальна зала 16/11/2004   6.00 91515   281.9(477) І-43 91515 29/09/2021 09/11/2004 Книги